000 00449nam a2200205Ia 4500
003 0100
008 130303s9999 xx 000 0 und d
020 _a710066031
040 _cARRUPELIB
050 _aLC268.B83 1969
100 _aBull, Norman J
245 _aMoral education
260 _aLondon
260 _bRoutledge K. Paul
260 _C1969
300 _avii
300 _b 183p. 23cm
700 _aNorman J Bull
942 0 0 _06
999 _c11954
_d11954